000 01995nam0a2200457 4500
001 RU\NLR\bibl\735906
005 20260405071449.0
010 _a5-222-04670-2
_910000
021 _aRU
_b2004-57732
_92840
035 _aRSL-KNO-002479335
035 _a(NLR Aleph) 000725830
090 _a731641
_c731641
100 _a20040921d2004 |||y0rusy50 ca
101 0 _arus
102 _aRU
105 _aa |||||||||
106 _ar
200 1 _aВау! Временные тату, маникюр, боди-арт
_fБ. Биш, О. Петрова
210 _aРостов н/Д.
_cФеникс
_d2004
_gЗАО Книга
215 _a150, [3] с.
_cцв. ил.
_d21
225 1 _aСерия "Стильные штучки"
300 _aНа обл. авт. не указаны
606 0 _aМаникюр
_91176603
_3RU\NLR\auth\66472906
606 0 _a"Боди-арт"
_91926403
_3RU\NLR\auth\66879228
606 0 _aТатуировка
_92074387
_3RU\NLR\auth\661249382
610 0 _aПарикмахерское дело -- Маникюр -- Иллюстративное издание
610 0 _aИскусство. Искусствознание -- Графика -- Рисунок -- Виды рисунка -- Рисунок тушью и пером -- Иллюстрированные издания
610 0 _aИскусство. Искусствознание -- Живопись -- Виды живописи -- Body-art -- Иллюстрированные издания
686 _aН937.4я6
_2rubbk
686 _aЩ145.9body-art.я6
_2rubbk
686 _aЩ157.57я6
_2rubbk
686 _aН937
700 1 _aБиш
_bБ.
_gБарри
_4070
701 1 _4070
_7ca
_8rus
_aПетрова
_bО.
_cстилист
_gОльга
_97479
_3RU\NLR\auth\7724428
801 0 _aRU
_bRuMoRKP
_c20040921
_grcr
801 1 _aRU
_bRuMoRGB
_c20040921
801 2 _aRU
_bNLR
_c20050316
_gPSBO
942 _cBOOK
980 _aNB